|
|
|
|
| LEADER |
00000nam a2200000 4500 |
| 001 |
vtls012253561 |
| 003 |
SK-MaSNL |
| 005 |
20260301173633.0 |
| 008 |
240325s2023 xo a a 000 0 cze |
| 015 |
|
|
|a SNBA2024/04
|
| 020 |
|
|
|a 9788080887513
|q (brožované)
|
| 040 |
|
|
|a SNK
|b slo
|c SNK
|e rda
|
| 041 |
1 |
|
|a cze
|h ita
|
| 044 |
|
|
|a xo
|c SK
|
| 072 |
|
7 |
|a 793
|x Spoločenské zábavy
|2 konspekt
|
| 072 |
|
7 |
|a 0/9-053.2
|x Literatúra pre deti a mládež (náučná)
|2 konspekt
|
| 080 |
|
|
|a 398.332.12
|2 2011
|
| 080 |
|
|
|a 793.7-047.25
|2 2011
|
| 080 |
|
|
|a (076.1)
|2 2011
|
| 080 |
|
|
|a (084.1.029.2)
|2 2011
|
| 080 |
|
|
|a (0.053.2)
|2 2011
|
| 100 |
1 |
|
|a Barsotti, Eleonora
|4 aut
|4 ill
|9 134451
|
| 245 |
1 |
0 |
|a Hledej a najdi
|p Veselé Velikonoce
|c Eleonora Barsotti
|
| 246 |
3 |
0 |
|a Veselé Velikonoce
|
| 250 |
|
|
|a Vydanie prvé
|
| 264 |
|
1 |
|a Bratislava
|b Matys
|c 2023
|
| 300 |
|
|
|a 31 nečíslovaných strán, 2 nečíslované listy nálepiek
|b farebné ilustrácie
|c 27 cm
|
| 336 |
|
|
|a text
|b txt
|2 rdacontent
|
| 336 |
|
|
|a statický obraz
|b sti
|2 rdacontent
|
| 337 |
|
|
|a bez média
|b n
|2 rdamedia
|
| 338 |
|
|
|a zväzok
|b nc
|2 rdacarrier
|
| 490 |
1 |
|
|a Šikovné ručičky
|
| 500 |
|
|
|a Preložené pravdepodobne z taliančiny
|
| 500 |
|
|
|a Listy s nálepkami všité na začiatku a konci publikácie
|
| 500 |
|
|
|a Na obálke nad názvom: Pestrá kniha s pátracími úlohami a počítáním!
|
| 521 |
8 |
|
|a Pre deti od 3 do 9 rokov
|
| 650 |
0 |
7 |
|a Veľká noc
|2 SNKPH
|9 3414
|
| 650 |
0 |
7 |
|a hľadanie obrázkov (hry)
|2 SNKPH
|9 330494
|
| 650 |
0 |
7 |
|a Easter
|2 SNKPHeng
|9 304888
|
| 650 |
0 |
7 |
|a Look and find (game)
|2 SNKPHeng
|9 330495
|
| 655 |
|
7 |
|a pracovné zošity
|2 SNKPH
|9 70188
|
| 655 |
|
7 |
|a samolepky
|2 SNKPH
|9 79151
|
| 655 |
|
7 |
|a publikácie pre deti
|2 SNKPH
|9 70148
|
| 655 |
|
7 |
|a Activity books
|2 SNKPHeng
|9 302885
|
| 655 |
|
7 |
|a Stickers
|2 SNKPHeng
|9 303014
|
| 655 |
|
7 |
|a Publications for children
|2 SNKPHeng
|9 276792
|
| 787 |
0 |
8 |
|i Zo série:
|t Hledej a najdi
|
| 830 |
|
0 |
|a Šikovné ručičky
|9 303015
|
| 852 |
|
|
|a Slovenská národná knižnica
|
| 919 |
|
|
|a 978-80-8088-751-3
|
| 954 |
|
|
|a ilustrované knihy, leporelá, komiksy cudzojazyčné (svetové)
|2 lita
|
| 958 |
|
|
|a DB
|
| 968 |
|
|
|b IT
|
| 999 |
|
|
|c 837270
|d 839200
|
| 952 |
|
|
|a SNK
|b SNK
|y PREZ
|7 0
|p 17A1542975
|o snkOSB 21299
|i snk2024/4998
|8 0
|0 0
|1 0
|4 0
|d 2024-03-25
|l 0
|r 2026-02-24 03:58:37
|w 2026-02-24
|
| 952 |
|
|
|a SNK
|b SNK
|y PREZ
|7 0
|p 17A1542976
|o snkOSB 21299 D1
|i snk2024/4999
|8 0
|0 0
|1 0
|4 0
|d 2024-03-25
|l 0
|r 2026-02-24 03:58:37
|w 2026-02-24
|